|
|
|
|
| LEADER |
00720nab a2200205 i 4500 |
| 001 |
publ21837 |
| 005 |
20210708102317.0 |
| 008 |
210708s2016 hu o 0|| zxx d |
| 022 |
|
|
|a 0304-095X
|
| 024 |
7 |
|
|a 3194875
|2 mtmt
|
| 040 |
|
|
|a SZTE Publicatio Repozitórium
|b hun
|
| 041 |
|
|
|a zxx
|
| 100 |
1 |
|
|a Udvari Beáta
|
| 245 |
1 |
0 |
|a Challenges of Missing Data in Analyses of Aid Activity
|h [elektronikus dokumentum] /
|c Udvari Beáta
|
| 260 |
|
|
|c 2016
|
| 300 |
|
|
|a 1-25
|
| 490 |
0 |
|
|a THE BANGLADESH DEVELOPMENT STUDIES
|v 39 No. 1-2
|
| 700 |
0 |
1 |
|a Kiss Gábor Dávid
|e aut
|
| 700 |
0 |
1 |
|a Pontet Julianna
|e aut
|
| 856 |
4 |
0 |
|u http://publicatio.bibl.u-szeged.hu/21837/1/01_ChallengesofMissingDatainAnalysesofAidActivity.pdf
|z Dokumentum-elérés
|